000 00343nam a2200133Ia 4500
008 220217s9999||||xx |||||||||||||| ||und||
020 _a9780195673913
082 _a621.8 GHO
100 _aGhosal, Ashitava
245 0 _aRobotics
260 _aOxford university press
_bNew Delhi
_c2012
300 _aXV, 423p.
_b365
650 _aMachine
999 _c183907
_d183907